Marketingová stratégia podniku diplomová práca

Enregistré dans:
Détails bibliographiques
Auteur principal: Lukáčová, Mária
Collectivité auteur: Ekonomická univerzita v Bratislave. Fakulta podnikového manažmentu
Autres auteurs: Hrušovská, Dana, 1964-
Format: Livre
Langue:slovaque
Publié: Bratislava 2010
Tags: Ajouter un tag
Pas de tags, Soyez le premier à ajouter un tag!

MARC

LEADER 00000nam a2200000 4500
001 0122421
005 20240318122626.8
041 0 |a slo 
044 |a SK 
245 1 0 |a Marketingová stratégia podniku  |b diplomová práca  |c Mária Lukáčová ; škol. Dana Hrušovská 
264 1 |a Bratislava  |c 2010 
300 |a 80 s. 
100 1 |a Lukáčová, Mária 
700 1 |a Hrušovská, Dana, 1964- 
710 2 |a Ekonomická univerzita v Bratislave. Fakulta podnikového manažmentu